000 nam a22 a 4500
999 _c4193
_d4193
003 AKMAL
005 20170525150040.0
008 170525s2010 my | e | 000 0 may d
020 _z9786978920544 (kkt.)
_a9789678920544
082 0 4 _a959.503 PEN
_222
090 0 0 _a959.503
_bPEN
245 0 0 _aPengajian Malaysia :
_bsejarah Tanah Melayu
260 _aPetaling Jaya :
_bInternational Law Book Services,
_c2010
300 _avi,187ms. ;
_c25cm.
500 _aMengandungi soalan
651 0 _aMalaysia
_xHistory
_xStudy and teaching (Higher)
_9588
942 _2ddc
_cBOOK
949 _62000351834